| 000 | 00351nam a2200133Ia 4500 | ||
|---|---|---|---|
| 008 | 191014s9999 xx 000 0 und d | ||
| 020 | _aLC 55-5027 | ||
| 082 |
_a5360.143 _bJAV |
||
| 100 |
_aJ.M.Jauch & F.Rohrlich _920273 |
||
| 245 | 4 | _aThe Theory of Photons and Electrons | |
| 260 |
_aUSA _bAddison Wesley _c1959 |
||
| 300 | _aXiv,488 | ||
| 942 | _cBK | ||
| 999 |
_c530843 _d530843 |
||